K problematike vyučovania materinského jazyka a literatúry zborník príspevkov z 2. celoslovenskej konferencie učiteľov slovenčiny

Bibliographic Details
Main Author: Dvořák, Karel (Author)
Other Authors: Vojtech, Miloslav, 1973- (Editor)
Format: Book
Language:Slovak
Czech
PhysicalDescription:67 s. grafy, sch., tab. 20 cm
Published: Bratislava Univerzita Komenského 2006
ISBN:8022322296 (brož.)
Edition:[ 1. vyd.]
Subjects:

MARC

LEADER 00000nam a2200000 a 4500
001 vtls008879439
003 SK-MaSNL
005 20260302004818.0
008 160830s2006 xo dl f 100 0 slo
015 |a SNBA2007/01-00118 
020 |a 8022322296 (brož.) 
035 |a 14466B1C-7FFE-479E-A50E-9430EB062E8B 
035 |a urn:nbn:sk:snk-amk5ol 
035 |a urn:nbn:sk:snk-am0048se 
040 |a SNK  |b slo  |c SNK  |e AACR2 
041 0 |a slo  |a cze 
044 |a xo  |c SK 
072 7 |a 811.162.4  |x Slovenčina  |2 konspekt 
080 |a 811.162.4  |2 2001 
080 |a 821.162.4  |2 2001 
080 |a 371.3  |2 2001 
080 |a (062.534)  |2 2001 
245 0 0 |a K problematike vyučovania materinského jazyka a literatúry  |b zborník príspevkov z 2. celoslovenskej konferencie učiteľov slovenčiny  |c [autori: Karel Dvořák...[et al.] ; editor: Miloslav Vojtech] 
250 |a [ 1. vyd.] 
260 |a Bratislava  |b Univerzita Komenského  |c 2006 
300 |a 67 s.  |b grafy, sch., tab.  |c 20 cm 
504 |a Bibliogr. odkazy 
546 |a Čiast. text čes. 
650 0 7 |a slovenčina  |2 SNKPH  |9 1350 
650 0 7 |a slovenská literatúra  |2 SNKPH  |9 1115 
650 0 7 |a vyučovacie metódy  |2 SNKPH  |9 1521 
655 7 |a zborníky konferencií  |2 SNKPH  |9 70153 
700 1 |a Dvořák, Karel  |4 aut  |9 5237 
700 1 |a Vojtech, Miloslav,  |d 1973-  |4 edt  |9 201588 
919 |a 80-223-2229-6 
958 |a OND 
999 |c 997255  |d 999185 
952 |a SNK  |b SNK  |y PREZ  |7 0  |p 17A0529747  |o snkSC 125766  |i snk2006/24368  |8 0  |0 0  |1 0  |4 0  |d 2006-11-21  |f 1  |l 0  |r 2025-06-11 00:00:00  |w 2026-02-24 
952 |a SNK  |b SNK  |y VYP  |7 0  |p 17A1348942  |o snkSC 125766 D1  |i snk2006/24371  |8 0  |0 0  |1 0  |4 0  |d 2006-11-21  |l 0  |r 2026-02-24 12:07:47  |w 2026-02-24